Lataa...

The Naturalist in Laplata

Bibliografiset tiedot
Päätekijä: W H Hudson
Aineistotyyppi: E-kirja
Kieli:Undetermined
Julkaistu: Kottayam DC Books
Aiheet:
LEADER 00373nam a2200133Ia 4500
008 161116s9999 xx 000 0 und d
100 |a W H Hudson 
245 |a The Naturalist in Laplata 
260 |b DC Books  |a Kottayam 
650 |a Non Fiction 
650 |a Study 
942 |c EB 
999 |c 118605  |d 118605 
952 |0 0  |1 0  |4 0  |7 0  |9 115362  |a MGUL  |b MGUL  |d 2016-11-16  |l 0  |r 2016-11-16  |w 2016-11-16  |y EB